00377nam a22001337a 4500003000400000008004100004020001800045082001500063100002800078245006100106260004600167300000800213650002200221OSt220716b ||||| |||| 00| 0 eng d a9789384323318 a615.19 LAF aLAUSTER,Colleen Doherty aFundamental skills for patient care in Pharmacy Practice aNew DelhibJones & Bartett Learningc2017 a345 aPharmacy Practice